000 00365pab a2200145 454500
008 180718b2017 xxu||||| |||| 00| 0 eng d
100 _aD'Souza, Paul
245 _aNationalism: beyond sense and belonging to inclusiveness
260 _c2017
300 _ap.162-175.
362 _aApr-Jun
650 _aNationalism
773 _aSocial Action
909 _a114434
999 _c114428
_d114428